000 00614nam a2200217Ia 4500
005 20250923145652.0
008 008 250917s9999 xx 000 0 eng d
037 _aTextual
040 _aDSWL
_beng
_cDSWL
041 _aeng
_2eng
084 _aG:55:(JB).2, N83
_qDSWL
100 _aDogra, B.
_9837745
245 0 _aForests and people (A report of the Himalaya)
_c by B. Dogra
250 _a2nd
260 _aNew Delhi
_bDelhi A-2/184 Janak Puri
_c1983
300 _a88 p.
365 _aINR
_b13.50
925 _g13.50
942 _cTEXL
_hG:55:(JB).2, N83
999 _c1454144
_d1454144